| 000 | 00679nam a2200229 a 4500 | ||
|---|---|---|---|
| 005 | 20250510063755.0 | ||
| 008 | 051028s1999 mx r 000 0 spa d | ||
| 020 | _a968752958X | ||
| 035 | _aUPN01000140879 | ||
| 049 | _aCG | ||
| 050 | 4 |
_aHF5415.3 _bA8.3 1999 |
|
| 100 | 1 | _aAssael, Henry | |
| 245 | 1 | 0 |
_aComportamiento del consumidor / _cHenry Assael. |
| 250 | _a6a ed. | ||
| 260 |
_aMéxico : _bInternational Thomson, _cc1999. |
||
| 300 |
_axvi, 684 p. : _bil. |
||
| 534 |
_pTraducción de: _tConsumer behavior and marketing action |
||
| 650 | 4 |
_aComportamiento del consumidor _93037 |
|
| 650 | 2 |
_aMercadotecnia _95626 |
|
| 650 | 4 |
_aCONSUMIDORES _912251 |
|
| 905 | _aLibro | ||
| 999 |
_c113027 _d113027 |
||